[Event "Faroes op"]
[Site "Sandavagur"]
[Date "2018.07.08"]
[Round "2"]
[White "Hruby, Milan"]
[Black "Joensen, Hans Petur"]
[Result "1-0"]
[WhiteElo "2031"]
[BlackElo "1627"]
[PlyCount "63"]
[EventDate "2018.07.07"]
[EventType "swiss"]
[EventRounds "9"]
[EventCountry "FAI"]
[SourceTitle "CBM 185 Extra"]
[Source "ChessBase"]
[SourceDate "2018.07.29"]
[SourceVersion "1"]
[SourceVersionDate "2018.07.29"]
[SourceQuality "1"]

1. d4 d5 2. c4 c6 3. Nf3 Nf6 4. Nc3 Bg4 5. cxd5 Nxd5 6. e4 Nb6 7. Be3 e6 8. Qb3 Bd6 9. a4 a5 10. Be2 0-0 11. 0-0 Qc7 12. h3 Bh5 13. Rac1 N8d7 14. Nb5 Qb8 15. Nxd6 Qxd6 16. d5 cxd5 17. e5 Qb4 18. Qxb4 axb4 19. Rc7 Bxf3 20. gxf3 Rfc8 21. Rfc1 Rxc7 22. Rxc7 Rd8 23. Bb5 Nxa4 24. Bxa4 Nxe5 25. f4 Nd3 26. b3 d4 27. Bd2 f6 28. Bb5 Nb2 29. Rc2 Nd1 30. Bxb4 Nc3 31. Bxc3 Rc8 32. Bc4 1-0

[Event "FAI-chT2 1415"]
[Site "Faroe Islands"]
[Date "2015.01.24"]
[Round "7.1"]
[White "Joensen, Hans Petur"]
[Black "Jacobsen, Suni"]
[Result "0-1"]
[WhiteElo "1636"]
[BlackElo "1846"]
[PlyCount "80"]
[EventDate "2014.10.26"]
[EventType "team-tourn"]
[EventRounds "10"]
[EventCountry "FAI"]
[SourceTitle "EXT 2019"]
[Source "ChessBase"]
[SourceDate "2018.10.10"]
[SourceVersion "1"]
[SourceVersionDate "2018.10.10"]
[SourceQuality "1"]
[WhiteTeam "Sandavagur III"]
[BlackTeam "Havnin II"]
[WhiteTeamCountry "FAI"]
[BlackTeamCountry "FAI"]

1. e4 e5 2. Nf3 Nc6 3. Bc4 Be7 4. d4 d6 5. dxe5 dxe5 6. Qxd8+ Bxd8 7. Bb5 Bd7 8. 0-0 Nf6 9. Re1 0-0 10. a3 Nd4 11. Nxd4 exd4 12. Bxd7 Nxd7 13. Bf4 Re8 14. Nd2 Nc5 15. Rad1 Ne6 16. Bg3 b5 17. f4 c5 18. Re2 Bb6 19. f5 c4 20. Kf1 d3 21. Ree1 Nd4 22. cxd3 Nc2 23. dxc4 Nxe1 24. Rxe1 Rad8 25. Re2 Bd4 26. Nf3 bxc4 27. e5 c3 28. Nxd4 cxb2 29. Rxb2 Rxd4 30. Rb3 Ra8 31. Ke2 h6 32. Ke3 Ra4 33. Kd3 Rd8+ 34. Ke3 Rc4 35. Be1 Rc2 36. Kf3 Re8 37. Bc3 a5 38. Bxa5 Rxe5 39. Rb8+ Kh7 40. g4 Rxa5 0-1

[Event "Oyri Rokur op"]
[Site "Oyri"]
[Date "2015.01.17"]
[Round "3"]
[White "Joensen, Hans Petur"]
[Black "Skaale, Janus"]
[Result "0-1"]
[WhiteElo "1636"]
[BlackElo "1371"]
[PlyCount "50"]
[EventDate "2015.01.16"]
[EventType "swiss"]
[EventRounds "5"]
[EventCountry "FAI"]
[SourceTitle "CBM 164 Extra"]
[Source "ChessBase"]
[SourceDate "2015.03.02"]
[SourceVersion "1"]
[SourceVersionDate "2015.03.02"]
[SourceQuality "1"]

1. d4 Nf6 2. c4 d5 3. e3 e6 4. Nf3 c5 5. Be2 Nc6 6. 0-0 Be7 7. dxc5 Bxc5 8. Nc3 0-0 9. a3 dxc4 10. Bxc4 Be7 11. Qe2 Qc7 12. e4 a6 13. h3 b5 14. Ba2 Bb7 15. Be3 Ne5 16. Nxe5 Qxe5 17. f4 Qc7 18. Rac1 Qa5 19. e5 Nd7 20. Rfd1 Rfd8 21. Qf2 Rac8 22. Rxd7 Rxd7 23. Bb6 Qxb6 24. Qxb6 Bc5+ 25. Qxc5 Rxc5 0-1